Metodický pokyn pre farmakoterapiu dyslipoproteinémií

Bibliographic Details
Main Authors: Rašlová, Katarína, 1951- (Author), Mikeš, Zoltán, 1940- (Author), Dukát, Andrej, 1950- (Author), Lietava, Ján, 1958- (Author)
Format: Article
Language:Slovak
PhysicalDescription:Tab.
Subjects:

MARC

LEADER 00000nab a2200000 a 4500
001 vtls000694662
003 SK-MaSNL
005 20260405105232.0
008 161006c1999 xo 0 slo
015 |a SNBRB1999/05-11897 
035 |a CLN000046829 
040 |a SNKBUCL  |b slo  |c SNKBUCL  |e AACR2 
041 0 |a slo 
044 |a xo  |c SK 
080 |a 616.153-085  |2 1997 
080 |a 615.272  |2 1997 
245 0 0 |a Metodický pokyn pre farmakoterapiu dyslipoproteinémií  |c Katarína Rašlová ... [et al.] 
300 |b Tab. 
504 |a Bibliogr. odkazy 
650 0 7 |a dyslipoproteinémia  |x liečba  |2 snkbucl  |9 855132 
650 0 7 |a hyperlipoproteinémia  |x liečba  |2 snkbucl  |9 889731 
650 0 7 |a hypolipidemiká  |2 snkbucl  |9 13730 
655 7 |a články z novín a časopisov  |2 snkbucl  |9 267496 
700 1 |a Rašlová, Katarína,  |d 1951-  |4 aut  |9 1636164 
700 1 |a Mikeš, Zoltán,  |d 1940-  |4 aut 
700 1 |a Dukát, Andrej,  |d 1950-  |4 aut  |9 194267 
700 1 |a Lietava, Ján,  |d 1958-  |4 aut  |9 5263 
773 0 |t Liekový bulletin  |g Roč. 8, č. 2 (1999), s. 1-6 
850 |a Slovenská národná knižnica v Martine 
852 |a SNK  |b KIS3GCP 
958 |a NB 
958 |a RBX 
999 |c 1410902  |d 1412832